000 01261cam a22003377a 4500
003 CHAP
005 20220329140310.0
008 971013s r 00010 d
010 _a49971
011 _a50943
035 _a55093
040 _cCHAP
090 _aFolleto 5931
100 0 0 _aVillarreal Larriva, Ricardo.
_9119628
245 1 4 _aLas grasas y los aceites vegetales y animales
_b: la situación mundial en relación con la de México
260 _a(s.l.) :
_bComité Consultivo de Importación y Exportación de Aceites, Grasas y Semillas Oleaginosas,
_c(s.a.)
300 _a36 p.
_b; gráfs.
490 0 _aMonografías de comercio internacional
590 _aBATCH-UPD
_b10
_c20130110
_lUCH01
_h0346
590 _aBATCH-UPD
_b10
_c20130110
_lUCH01
_h2238
590 _aBATCH-UPD
_b10
_c20130410
_lUCH01
_h0019
590 _aBATCH-UPD
_b10
_c20130410
_lUCH01
_h1533
590 _aBATCH-UPD
_b10
_c20130913
_lUCH01
_h1858
590 _aCONVERSION
_b10
_c20130109
_lUCH01
_h1327
650 1 4 _aAceites vegetales
_xMercadeo
_xMexico.
_9461
650 1 4 _aGrasas y aceites
_xMercadeo
_xMéxico.
_950449
830 0 _aMonografías de comercio internacional
_977574
901 _aBK
942 _cFOLL
949 _aFolleto 5931
_bBC
_cFOLL
_d-121121
_eTS1
_i55093
_mD
_si
999 _c49971
_d49971